000 00513pam a2200205 4500
001 1732937
005 20180131045234.0
008 740607s1974 cau 001 0 eng
010 _a 74011179
020 _a0063808501
040 _aDLC
_cDLC
_dDLC
041 _aeng
080 _a330.09 BOW
082 0 0 _a330.09 BOW
100 1 _a52
101 _aEKO
245 1 0 _aEconomics through the looking glass
_c[by] Elbert V. Bowden.
906 _a7
_bcbc
_corignew
_d1
_eocip
_f19
_gy-gencatlg
942 _2ddc
_cBK
999 _c41355
_d41355